书目信息 |
| 题名: |
管理信息系统实验指导
|
|
| 作者: | 张锋 , 马玲 , 董德民 编著 | |
| 分册: | ||
| 出版信息: | 北京 中国水利水电出版社 2005 |
|
| 页数: | 220页 | |
| 开本: | 26cm | |
| 丛书名: | ||
| 单 册: | ||
| 中图分类: | C931.6 | |
| 科图分类: | ||
| 主题词: | 管理信息系统--教学参考资料 | |
| 电子资源: | ||
| ISBN: | 978-7-5084-2994-6 | |
| 000 | 01161nam0 2200277 450 | |
| 000 | 01168nam0 2200277 450 | |
| 000 | 01098nam0 2200253 450 | |
| 000 | 01062nam0 2200241 45 | |
| 005 | 20070517163744.70 | |
| 010 | @a978-7-5084-2994-6@dCNY23.00 | |
| 100 | @a20070404e20072005em y0chiy0120 ea | |
| 101 | 0 | @achi |
| 102 | @aCN@b110000 | |
| 105 | @aa z 000yy | |
| 200 | 1 | @a管理信息系统实验指导@AGuan Li Xin Xi Xi Tong Shi Yan Zhi Dao@dExperiment Guidance for Management Information System@f董德民,张锋,马玲编著@FDong De Min, Zhang Feng, Ma Ling Bian Zhu@zeng |
| 210 | @a北京@c中国水利水电出版社@d2005@h2007 | |
| 215 | @a220页@c图@d26cm | |
| 330 | @a本书共分6章,第一章介绍了进销存系统认识实验,第二章介绍了人力资源管理系统认识实验,第三章介绍了数据库实验,第四章介绍了系统分析实验,第五章介绍了系统认识实验,第六章介绍了系统实施实验。 | |
| 510 | 1 | @aExperiment Guidance for Management Information System@zeng |
| 606 | 0 | @a管理信息系统@j教学参考资料 |
| 690 | @aC931.6 | |
| 701 | 0 | @a张锋@AZhang Feng@4编著 |
| 701 | 0 | @a马玲@AMa Ling@4编著 |
| 701 | 0 | @a董德民@ADong De Min@4编著 |
| 801 | 0 | @aCN@bTAOJIN@c20070517 |
| 905 | @a10447@dC931.6@e282 | |
| 管理信息系统实验指导=Experiment Guidance for Management Information System/董德民,张锋,马玲编著.-北京:中国水利水电出版社,2005(2007) |
| 220页:图;26cm |
| ISBN 978-7-5084-2994-6:CNY23.00 |
| 本书共分6章,第一章介绍了进销存系统认识实验,第二章介绍了人力资源管理系统认识实验,第三章介绍了数据库实验,第四章介绍了系统分析实验,第五章介绍了系统认识实验,第六章介绍了系统实施实验。 |
| ● |
| 相关链接 |
|
|
|
|
正题名:管理信息系统实验指导
索取号:C931.6/282
 
预约/预借
| 序号 | 登录号 | 条形码 | 馆藏地/架位号 | 状态 | 备注 |
| 1 | 0521111 | 205211117 | 第一样本阅览室/ [索取号:C931.6/282] | 在馆 | |
| 2 | 0521112 | 205211126 | 第一借阅区/ [索取号:C931.6/282] | 在馆 | |
| 3 | 0521113 | 205211135 | 第一借阅区/ [索取号:C931.6/282] | 在馆 | |
| 4 | 0521114 | 205211144 | 第一借阅区/ [索取号:C931.6/282] | 在馆 | |
| 5 | 0521115 | 205211153 | 教育系资料室/ [索取号:C931.6/282] | 在馆 | |
| 6 | 0521116 | 205211162 | 教育系资料室/ [索取号:C931.6/282] | 在馆 | |
| 7 | 0521117 | 205211171 | 教育系资料室/ [索取号:C931.6/282] | 在馆 | |
| 8 | 0521118 | 205211180 | 第一借阅区/ [索取号:C931.6/282] | 在馆 |